Úloha finančných derivátov v portfóliu aktív diplomová práca

Saved in:
Bibliographic Details
Main Author: Džoganíková, Alena
Corporate Author: Fakulta hospodárskej informatiky EU. Katedra matematiky a aktuárstva
Other Authors: Pinda, Ľudovít, 1958-
Format: Book
Language:Slovak
Published: Bratislava 2015
Tags: Add Tag
No Tags, Be the first to tag this record!

MARC

LEADER 00000nbm a2200000 4500
001 0201590
005 20161212112020.9
041 0 |a slo 
044 |a SK 
245 1 0 |a Úloha finančných derivátov v portfóliu aktív  |b diplomová práca  |c Alena Džoganíková ; školiteľ: Ľudovít Pinda 
264 1 |a Bratislava  |c 2015 
300 |a 67 s. 
100 1 |a Džoganíková, Alena 
700 1 |a Pinda, Ľudovít, 1958- 
710 2 |a Fakulta hospodárskej informatiky EU. Katedra matematiky a aktuárstva